How many Belgian coaster can you quote? - Statistiques

Statistiques générales
  • Ce quiz a été pris 29 fois
  • Le résultat moyen est 21 sur 38
Statistiques - réponses
Hint Réponse % Correct
Gerstlauer Anubis
96%
Intamin Kondaa
92%
GCI Heidi
88%
Mack rides Ride to happiness
88%
Vekoma Cobra
85%
Vekoma Loup garou
85%
Vekoma Vampire
85%
Gerstlauer Fury
77%
Gerstlauer Tiki waka
77%
Schwarzkopf Turbine
77%
Gerstlauer Wakala
77%
Vekoma Boomerang
73%
Vekoma Fun pilot
69%
Gerstlauer Typhon
69%
Zierer Likeme coaster
62%
Mack rides Pulsar
62%
Vekoma Dreamcatcher
54%
Maurer Naga Bay
54%
Vekoma Oki Doki
54%
Vekoma Calamity Mine
50%
Zierer Huracan
50%
Vekoma Revolution
50%
Gerstlauer Vicky the ride
50%
Mack rides Bob Express
46%
Wiegand Dawson Duel
42%
Wiegand Dawson Duel
42%
Mack rides Supersplash
42%
Zamperla Brazilian Buggies
38%
Mack rides Draak
35%
Vekoma Schtroumpfeur
35%
Vekoma K3 roller coaster
31%
Mack rides Speedy bob
31%
Sunkid Butterfly
23%
Sunkid Butterfly
23%
Gerstlauer Speed Boat
23%
EOS rides Disco twister
19%
Zierer Orca Ride
19%
Zierer Wickie Coaster
8%
Aucun quiz correspondant
Distribution des résultats
% des personnes avec chaque résultat
Percentile par nombre de réponses
Votre historique - résultats
Vous n’avez pas pris ce quiz